| 000 | 00927cab a2200277 4500 | ||
|---|---|---|---|
| 001 | ABS59708 | ||
| 008 | 090401t1998 xxu||||| |||| 00| 0 eng d | ||
| 035 | _a(Sirsi) u89639 | ||
| 041 | _aeng | ||
| 245 | _aFocus `98: Special report: Foreign trends | ||
| 260 | _c1998 | ||
| 350 | _a0 | ||
| 490 |
_aEstates Gazette _v(9845) 7 November 1998, 119-123(5) |
||
| 520 | _aComments on activity in Germany, including the country`s first property show, the disposal of redundant railway land, and activity by cinema operators. Discusses the challenges facing operators in Eastern Europe, such as the economic risks and language barriers. | ||
| 650 | _aCENTRAL EUROPE | ||
| 650 | _aCINEMA OPERATORS | ||
| 650 | _aEASTERN EUROPE | ||
| 650 | _aGERMANY | ||
| 650 | _aLANGUAGE | ||
| 650 | _aPROPERTY SHOWS | ||
| 650 | _aRAILWAY LAND | ||
| 650 | _aRISKS | ||
| 690 | _aOVERSEAS-EUROPE | ||
| 942 | _n0 | ||
| 948 | _c12/11/1998 | ||
| 999 |
_c56742 _d56742 |
||